000 00720nam a2200241Ia 4500
003 OSt
005 20220918223441.0
006 a|||||r|||| 00| 0
007 ta
008 220917b |||||||| |||| 00| 0 eng d
024 _a222,759
037 _cTextual
040 _aARTS
_cARTS
_beng
041 _2eng
_aeng
082 _aO111,3M:g(Y7), P3
100 _aNussbaum Felicity A.
245 0 _aLimits of the human
_b Fictions of anomaly, race, and gender in the long eighteenth century
260 _aU.K.
_bCambridge Univ. press
_c2003
300 _axii, 336p
_ccm.
650 _aENGLISH LITERATURE
942 _hO111,3M:g(Y7), P3
_cTEXL
_2CC
999 _c278500
_d278500